Billie Eilish - party favor Lyrics - Statistics

General Stats
  • This quiz has been taken 224 times
  • The average score is 169 of 215
Answer Stats
Answer % Correct
a
99%
you
99%
You
99%
Your
96%
your
96%
I
95%
me
94%
this
94%
and
93%
And
93%
call
93%
the
93%
do
92%
Hey
91%
to
91%
way
90%
back
89%
by
89%
No
89%
when
89%
When
89%
birthday
87%
get
87%
Happy
87%
it
87%
on
87%
know
86%
hate
84%
not
84%
party
83%
don't
82%
favor
82%
I'm
82%
just
82%
We
82%
we
82%
got
81%
minute
81%
It's
80%
it's
80%
what?
80%
what
80%
be
79%
need
79%
really
79%
talk
79%
I'll
78%
Or
77%
If
76%
if
76%
that
76%
all
75%
cops
75%
Maybe
75%
number
75%
time
75%
blocked
74%
bullshit
74%
'Cause
74%
dad
74%
forget
74%
Wait
74%
that's
73%
have
72%
message
72%
you've
72%
leave
71%
other
70%
babe?
69%
might
68%
blah
66%
can't
66%
You'll
66%
stop
64%
want
64%
Stay
58%
stay
58%
But
53%
change
52%
weather
52%
my
51%
make
49%
better
47%
Like
46%
read
46%
words
46%
sense
45%
come
43%
ya
43%
backwards
42%
wrong
42%
done
41%
Books
40%
now
40%
songs
40%
'em
37%
hear
37%
Look
36%
out
36%
single
35%
weather's
34%
gone
32%
mishear
27%
coulda
17%
No matching quizzes found
Score Distribution
Percent of People with Each Score
Percentile by Number Answered
Your Score History
You have not taken this quiz